| 000 | 00587nam a2200217Ia 4500 | ||
|---|---|---|---|
| 003 | OSt | ||
| 005 | 20220928133234.0 | ||
| 006 | a|||||r|||| 00| 0 | ||
| 007 | ta | ||
| 008 | 220927b |||||||| |||| 00| 0 eng d | ||
| 024 | _a29137 | ||
| 037 | _cTextual | ||
| 040 |
_aSDCL _cSDCL _beng |
||
| 041 |
_2eng _aeng |
||
| 082 | _aG11:33E, N6.1-.4 | ||
| 100 |
_aConley Edward C _9484871 |
||
| 245 | 0 |
_aIon channel _b Facts book.4V. |
|
| 260 |
_alondon _bAcademic Press _c1996 |
||
| 942 |
_hG11:33E, N6.1-.4 _cTEXL _2CC |
||
| 999 |
_c798461 _d798461 |
||